书目信息 |
| 题名: |
中华人民共和国合同法实务
|
|
| 作者: | 夏志宏 主编 | |
| 分册: | ||
| 出版信息: | 北京 对外经济贸易大学出版社 1999.04 |
|
| 页数: | 618页 | |
| 开本: | 20cm | |
| 丛书名: | ||
| 单 册: | ||
| 中图分类: | D923.65 | |
| 科图分类: | ||
| 主题词: | 法律--中国 | |
| 电子资源: | ||
| ISBN: | 7-81000-910-9 | |
| 000 | 00623nam0 2200205 450 | |
| 001 | 0751084149 | |
| 005 | 20080108142212.46 | |
| 010 | @a7-81000-910-9@dCNY30.00 | |
| 100 | @a20071118d1999 km y0chiy0120 ea | |
| 101 | 0 | @achi |
| 102 | @aCN@b110000 | |
| 200 | 1 | @a中华人民共和国合同法实务@Azhong hua ren min gong he guo he tong fa shi wu@f夏志宏主编@Fxia zhi hong zhu bian |
| 210 | @a北京@c对外经济贸易大学出版社@d1999.04 | |
| 215 | @a618页@d20cm | |
| 606 | 0 | @a法律@x中国 |
| 690 | @aD923.65@v4 | |
| 701 | 0 | @a夏志宏@Axia zhi hong@4主编 |
| 801 | 0 | @aCN@bNISOFT@c20080108 |
| 905 | @aBZT@dD923.65@e2 | |
| 906 | @dCNY30.00@n0@r1 | |
| 中华人民共和国合同法实务/夏志宏主编.-北京:对外经济贸易大学出版社,1999.04 |
| 618页;20cm |
| ISBN 7-81000-910-9:CNY30.00 |
| ● |
| 相关链接 |
|
|
|
正题名:中华人民共和国合同法实务
索取号:D923.65/2
 
预约/预借
| 序号 | 登录号 | 条形码 | 馆藏地/架位号 | 状态 | 备注 |
| 1 | 635775 | 2000635775 | 中心书库南/013架B面6层7列/ [索取号:D923.65/2] | 在馆 | |
| 2 | 635776 | 2000635776 | 中心书库南/013架B面6层7列/ [索取号:D923.65/2] | 在馆 | |
| 3 | 635777 | 2000635777 | 中心书库南/013架B面6层7列/ [索取号:D923.65/2] | 在馆 | |
| 4 | 635778 | 2000635778 | 中心书库南/013架B面6层7列/ [索取号:D923.65/2] | 在馆 | |
| 5 | 635779 | 2000635779 | 中心书库南/013架B面6层7列/ [索取号:D923.65/2] | 在馆 | |
| 6 | 635780 | 2000635780 | 中心书库南/013架B面6层7列/ [索取号:D923.65/2] | 在馆 | |
| 7 | 635781 | 2000635781 | 中心书库南/013架B面6层7列/ [索取号:D923.65/2] | 在馆 | |
| 8 | 635782 | 2000635782 | 中心书库南/013架B面6层7列/ [索取号:D923.65/2] | 在馆 | |
| 9 | 635783 | 2000635783 | 中心书库南/013架B面6层7列/ [索取号:D923.65/2] | 在馆 | |
| 10 | 635784 | 2000635784 | 中心书库南/013架B面6层7列/ [索取号:D923.65/2] | 在馆 |